| 000 | 01263nam a2200337 c 4500 | ||
|---|---|---|---|
| 003 | BLK | ||
| 005 | 20180420220227.0 | ||
| 008 | 180407b bul|||||r ||||||| ||bul|| | ||
| 010 | _aKNG00031025000 | ||
| 020 |
_a954-657-298-5 _bиздат.: Пан |
||
| 040 | _aBLK | ||
| 041 |
_aBUL _cBUL |
||
| 080 |
_aАмериканска литература (на САЩ) _b821.111(73) _x-312.9 _z821.111(73)-312.9 |
||
| 100 | 1 |
_aРезник, Майк _eпърви автор _9243630 |
|
| 700 | 1 |
_aДимитрова, Юлияна _eпрев. от англ. _9269763 |
|
| 139 |
_aРезник, Майк _bР 46 |
||
| 245 | 1 | 0 |
_aПерфектен убиец _bРоман _cМайк Резник; прев. от англ. Юлияна Димитрова. |
| 257 | _aUSA | ||
| 260 |
_аСофия _bПан _c2000 _fСофия : Балканпрес |
||
| 300 |
_a256 с. _c20 см |
||
| 380 | _aX | ||
| 490 | 1 |
_aФантастика Фентъзи _v16 |
|
| 500 | _aОриг. загл. The Windowmaker / Mike Resnick. | ||
| 653 | _aфантастика | ||
| 653 | _aромани | ||
| 852 | _aЦб 204010 | ||
| 856 | 4 |
_qpdf _u |
|
| 856 | 4 |
_qpdf _u |
|
| 942 |
_cKNG _n0 |
||
| 944 |
_aCR _c15.01.2003 _lф / _kМилена_Ачева |
||
| 944 |
_aED _c02.12.2016 _lф / _kЛюдмила_Стоянова |
||
| 999 |
_c28431 _d28431 |
||